Statistics for Premier League Goalkeeper Clean Sheets

Click here to take the quiz!

General Stats

  • This quiz has been taken 42 times
  • The average score is 13 of 21

Answer Stats

Clean sheetsClubGoalkeeper% Correct
161ChelseaPetr Cech
100%
103Manchester UnitedDavid De Gea
92%
87TottenhamHugo Lloris
92%
127Manchester CityJoe Hart
92%
58LeicesterKasper Schmeichel
92%
116EvertonTim Howard
92%
72Manchester UnitedEdwin Van der Sar
89%
114LiverpoolPepe Reina
89%
85West BromBen Foster
63%
61SwanseaŁukasz Fabiański
55%
53WatfordHeurelho Gomes
53%
80LiverpoolSimon Mignolet
53%
48ChelseaThibaut Courtois
53%
65Blackburn RoversBrad Friedel
47%
75MiddlesboroughMark Schwarzer
45%
43TottenhamPaul Robinson
39%
61StokeAsmir Begovic
37%
48ArsenalWojciech Szczęsny
37%
58Bolton WanderersJussi Jääskeläinen
26%
47West HamRobert Green
24%
43NewcastleTim Krul
18%

Score Distribution

Percentile by Number Answered

Percent of People with Each Score

Your Score History

You have not taken this quiz